| 000 -LEADER |
| fixed length control field |
00916nam a2200265Ia 4500 |
| 020 ## - INTERNATIONAL STANDARD BOOK NUMBER |
| ISBN |
1569735824 |
| 040 ## - CATALOGING SOURCE |
| Transcribing agency |
NHP |
| 082 ## - DEWEY DECIMAL CLASSIFICATION NUMBER |
| Classification number |
333 WOR 2005 A068 Or. |
| 245 00 - TITLE STATEMENT |
| Title |
World resources, 2005 : |
| Remainder of title |
the wealth of the poor : managing ecosystems to fight poverty / |
| 246 3# - VARYING FORM OF TITLE |
| Title proper/short title |
Wealth of the poor : |
| Remainder of title |
managing ecosystems to fight poverty |
| 246 30 - VARYING FORM OF TITLE |
| Title proper/short title |
Managing ecosystems to fight poverty |
| 260 ## - PUBLICATION, DISTRIBUTION, ETC. (IMPRINT) |
| Place of publication |
Washington, D.C. |
| Name of publisher |
World Resources Institute, |
| Year of publication |
2005. |
| 300 ## - PHYSICAL DESCRIPTION |
| Number of Pages |
x, 254p. : |
| Other physical details |
illus, tables, graphs, maps ; |
| Dimensions |
28 cm. |
| 500 ## - GENERAL NOTE |
| General note |
Includes index. |
| 650 #0 - SUBJECT ADDED ENTRY--TOPICAL TERM |
| Topical Term |
Natural resources |
| 650 #0 - SUBJECT ADDED ENTRY--TOPICAL TERM |
| Topical Term |
Environmental health. |
| 650 #0 - SUBJECT ADDED ENTRY--TOPICAL TERM |
| Topical Term |
Environmental degradation. |
| 650 #0 - SUBJECT ADDED ENTRY--TOPICAL TERM |
| Topical Term |
Human beings |
| 710 2# - ADDED ENTRY--CORPORATE NAME |
| Corporate name or jurisdiction name as entry element |
World Resources Institute. |
| 710 2# - ADDED ENTRY--CORPORATE NAME |
| Corporate name or jurisdiction name as entry element |
United Nations Environment Programme. |
| 710 2# - ADDED ENTRY--CORPORATE NAME |
| Corporate name or jurisdiction name as entry element |
United Nations Development Programme. |
| 710 2# - ADDED ENTRY--CORPORATE NAME |
| Corporate name or jurisdiction name as entry element |
World Bank. |
| 856 40 - ELECTRONIC LOCATION AND ACCESS |
| Uniform Resource Identifier |
http://www.wri.org |
| 942 ## - ADDED ENTRY ELEMENTS (KOHA) |
| Koha item type |
សៀវភៅភាសាអង់គ្លេស |
| 952 ## - LOCATION AND ITEM INFORMATION (KOHA) |
| Withdrawn status [LOCAL, KOHA] |
0 |